000 00419nam a2200145 i 4500
001 63725
003 ES-MaACL
007 t|
008 031216s1968 sp ||||1| spa d
100 1 _aFierro Torres, Rodolfo.
_950719
245 1 0 _aMemorias
_b: al pasar los 88, 1879-1968 /
_cRodolfo Fierro Torres.
260 _aBarcelona :
_bDon Bosco,
_c[1968]
300 _a640 p. ;
_c22 cm.
852 _aES-MaACL
_jG-5550
_bR.65845
999 _c63725
_d63725